000 00818nam a2200301 a 4500
003 AR-BaBNM
005 20251128203827.0
008 082120s2002 ||||||||||||||000 | spa||
040 _cAR-BaBNM
100 1 _aSchoch, Rudolf
245 0 0 _aLa educación musical en la escuela
250 _a1ª ed.
260 _aBuenos Aires
_bKapelusz
_c1964
300 _ax, 203 p.
_bil., láms.
490 0 _aBiblioteca de cultura pedagógica
504 _aBibliografía en alemán p. 197-201
504 _aBibliografía en otros idiomas
650 4 _aEDUCACION MUSICAL
650 4 _aENSEÑANZA
650 4 _aCANTO
650 4 _aCOMPOSICION MUSICAL
650 4 _aCONCIERTOS
653 _aCANCIONEROS
653 _aEDUCACION PRIMARIA
700 1 _aThomas, Juan Jorge
_etraductor
942 _cBK
998 _cCarmen
999 _c5067
_d5067